<?xml version="1.0" encoding="UTF-8"?>
<record
    xmlns:xsi="http://www.w3.org/2001/XMLSchema-instance"
    xsi:schemaLocation="http://www.loc.gov/MARC21/slim http://www.loc.gov/standards/marcxml/schema/MARC21slim.xsd"
    xmlns="http://www.loc.gov/MARC21/slim">

  <leader>00812nam a2200241 a 4500</leader>
  <controlfield tag="001">12298004</controlfield>
  <controlfield tag="003">OverDrive</controlfield>
  <controlfield tag="005">20260615040519.0</controlfield>
  <controlfield tag="008">260614s            o    000 0 en  d</controlfield>
  <datafield tag="020" ind1=" " ind2=" ">
    <subfield code="a">9781638933427</subfield>
  </datafield>
  <datafield tag="041" ind1="0" ind2=" ">
    <subfield code="a">en</subfield>
  </datafield>
  <datafield tag="100" ind1="1" ind2=" ">
    <subfield code="a">Allen, Samantha</subfield>
    <subfield code="e">author</subfield>
  </datafield>
  <datafield tag="245" ind1="1" ind2="0">
    <subfield code="a">Puck</subfield>
  </datafield>
  <datafield tag="264" ind1=" " ind2="1">
    <subfield code="b">Zando</subfield>
    <subfield code="c">06/02/2026</subfield>
  </datafield>
  <datafield tag="336" ind1=" " ind2=" ">
    <subfield code="a">text</subfield>
    <subfield code="2">rdacontent</subfield>
  </datafield>
  <datafield tag="650" ind1=" " ind2="7">
    <subfield code="a">Fiction</subfield>
    <subfield code="2">overdrive</subfield>
  </datafield>
  <datafield tag="650" ind1=" " ind2="7">
    <subfield code="a">Romance</subfield>
    <subfield code="2">overdrive</subfield>
  </datafield>
  <datafield tag="650" ind1=" " ind2="7">
    <subfield code="a">Humor (Fiction)</subfield>
    <subfield code="2">overdrive</subfield>
  </datafield>
  <datafield tag="650" ind1=" " ind2="7">
    <subfield code="a">LGBTQIA+ (Fiction)</subfield>
    <subfield code="2">overdrive</subfield>
  </datafield>
  <datafield tag="650" ind1=" " ind2="7">
    <subfield code="a">Gender</subfield>
    <subfield code="0">https://homosaurus.org/v4/homoit0000560</subfield>
    <subfield code="2">homoit</subfield>
    <subfield code="9">1016</subfield>
  </datafield>
  <datafield tag="856" ind1="4" ind2="2">
    <subfield code="u">https://img3.od-cdn.com/ImageType-400/0111-1/{40D199C8-DC1C-4A84-9087-430B2E3D69BF}IMG400.JPG</subfield>
    <subfield code="z">Cover image</subfield>
  </datafield>
  <datafield tag="856" ind1="4" ind2="0">
    <subfield code="u">https://libbyapp.com/library/queerliblib/generated-1/page-1/12298004</subfield>
    <subfield code="y">Borrow on Libby</subfield>
  </datafield>
  <datafield tag="999" ind1=" " ind2=" ">
    <subfield code="c">1433</subfield>
    <subfield code="d">1433</subfield>
  </datafield>
</record>
